MBAPPE ou UN AUTRE ? - Statistiques

Statistiques générales
  • Ce quiz a été pris 316 fois
  • Le résultat moyen est 6 sur 10
Statistiques - réponses
Question Réponse % Correct
Qui a une coupe du monde ?
96%
Qui a dit "La solution est triviale" ?
86%
Qui m'attire sexuellement ? Les 2
83%
Qui se fait appeler Mobutu ? Les 2
73%
Qui a établi des records de précocité ? Les 2
59%
qui a eu son bac ?
50%
Qui vient de monaco ? Les 2
45%
Qui est Mbappe ?
43%
Qui a dit "T'es pas content ? Doublé !" ?
30%
Qui a dit, "moi tu m'parles pas d'âge" ? Les 2
28%
Aucun quiz correspondant
Distribution des résultats
% des personnes avec chaque résultat
Percentile par nombre de réponses
Votre historique - résultats
Vous n’avez pas pris ce quiz